<?xml version="1.0" encoding="UTF-8"?>
<record
    xmlns:xsi="http://www.w3.org/2001/XMLSchema-instance"
    xsi:schemaLocation="http://www.loc.gov/MARC21/slim http://www.loc.gov/standards/marcxml/schema/MARC21slim.xsd"
    xmlns="http://www.loc.gov/MARC21/slim">

  <leader>02322cam a2200325 i 4500</leader>
  <controlfield tag="001">8123200</controlfield>
  <controlfield tag="005">20250826113728.0</controlfield>
  <controlfield tag="008">150312s2015    sp            000 f cat  </controlfield>
  <datafield tag="010" ind1=" " ind2=" ">
    <subfield code="a">  2015420299</subfield>
  </datafield>
  <datafield tag="020" ind1=" " ind2=" ">
    <subfield code="a">9788497082761</subfield>
  </datafield>
  <datafield tag="035" ind1=" " ind2=" ">
    <subfield code="a">(OCoLC)ocn911241103</subfield>
  </datafield>
  <datafield tag="035" ind1=" " ind2=" ">
    <subfield code="a">(CaBVaU)8123200</subfield>
  </datafield>
  <datafield tag="040" ind1=" " ind2=" ">
    <subfield code="a">DLC</subfield>
    <subfield code="b">eng</subfield>
    <subfield code="c">DLC</subfield>
    <subfield code="e">rda</subfield>
    <subfield code="d">CGU</subfield>
    <subfield code="d">IUL</subfield>
    <subfield code="d">OCLCO</subfield>
    <subfield code="d">WAU</subfield>
    <subfield code="d">OCLCO</subfield>
    <subfield code="d">OCLCF</subfield>
    <subfield code="d">OCLCO</subfield>
    <subfield code="d">UBC</subfield>
    <subfield code="d">UtOrBLW</subfield>
  </datafield>
  <datafield tag="041" ind1=" " ind2=" ">
    <subfield code="a">Catal&#xE0;</subfield>
  </datafield>
  <datafield tag="042" ind1=" " ind2=" ">
    <subfield code="a">pcc</subfield>
  </datafield>
  <datafield tag="050" ind1="0" ind2="0">
    <subfield code="a">PC3942.12.O776</subfield>
    <subfield code="b">A44 2015</subfield>
  </datafield>
  <datafield tag="100" ind1=" " ind2=" ">
    <subfield code="a">Bosch, Xavier,</subfield>
    <subfield code="d">1967-</subfield>
    <subfield code="e">author.</subfield>
  </datafield>
  <datafield tag="245" ind1="1" ind2="0">
    <subfield code="a">Alg&#xFA; com tu </subfield>
    <subfield code="c">/ Xavier Bosch.</subfield>
  </datafield>
  <datafield tag="250" ind1=" " ind2=" ">
    <subfield code="a">First edition</subfield>
  </datafield>
  <datafield tag="264" ind1=" " ind2="1">
    <subfield code="a">Barcelona :</subfield>
    <subfield code="b">Planeta,</subfield>
    <subfield code="c">2015.</subfield>
  </datafield>
  <datafield tag="300" ind1=" " ind2=" ">
    <subfield code="a">348 pages ;</subfield>
    <subfield code="c">24 cm</subfield>
  </datafield>
  <datafield tag="490" ind1="1" ind2=" ">
    <subfield code="a">Ramon Llull narrativa</subfield>
  </datafield>
  <datafield tag="520" ind1=" " ind2=" ">
    <subfield code="a">&#xAB;Van resseguir la rue de Seine gaireb&#xE9; sense veure el carrer, pendents com estaven l'un de l'altre. El JeanPierre, cicerone amb ganes d'agradar, explicava curiositats del barri que ella escoltava en silenci. All&#xE0; on la vorera es feia m&#xE9;s estreta, va semblar-li que, sense voler, es fregaven les mans. Pell amb pell. I va tenir una esgarrifan&#xE7;a. Van trencar per la rue de Buci, atape&#xEF;da de turistes asseguts a les terrasses amb ombra, i de seguida van ser al boulevard Saint-Germain&#xBB;. El Jean-Pierre Zanardi, galerista a la Rive Gauche, &#xE9;s un esperit lliure. La Paulina Homs, de vida tranquil&#xB7;la i familiar a Barcelona, arriba a Par&#xED;s per al casament de la seva cosina. </subfield>
  </datafield>
  <datafield tag="520" ind1=" " ind2=" ">
    <subfield code="a">&#x201C;They walked along the rue de Seine almost without noticing the street, so absorbed were they in one another. Jean-Pierre, eager to please as a cicerone, pointed out curiosities of the neighbourhood, which she listened to in silence. Where the pavement narrowed, it seemed to her that, without meaning to, their hands brushed. Skin against skin. And she shivered. They turned into the rue de Buci, crowded with tourists sitting in the shaded terraces, and soon found themselves on the boulevard Saint-Germain.&#x201D;

Jean-Pierre Zanardi, a gallery owner on the Rive Gauche, is a free spirit. Paulina Homs, who leads a quiet family life in Barcelona, arrives in Paris for her cousin&#x2019;s wedding.</subfield>
  </datafield>
  <datafield tag="650" ind1=" " ind2="0">
    <subfield code="a">Man-woman relationships</subfield>
    <subfield code="v">Fiction.</subfield>
    <subfield code="9">11134</subfield>
  </datafield>
  <datafield tag="650" ind1=" " ind2="0">
    <subfield code="a">Mothers and daughters</subfield>
    <subfield code="v">Fiction.</subfield>
  </datafield>
  <datafield tag="650" ind1=" " ind2="0">
    <subfield code="a">Family secrets</subfield>
    <subfield code="v">Fiction</subfield>
    <subfield code="9">23679</subfield>
  </datafield>
  <datafield tag="830" ind1=" " ind2="0">
    <subfield code="a">Ramon Llull.</subfield>
    <subfield code="p">Narrativa.</subfield>
  </datafield>
  <datafield tag="942" ind1=" " ind2=" ">
    <subfield code="2">lcc</subfield>
  </datafield>
  <datafield tag="952" ind1=" " ind2=" ">
    <subfield code="0">0</subfield>
    <subfield code="1">0</subfield>
    <subfield code="2">lcc</subfield>
    <subfield code="4">0</subfield>
    <subfield code="7">0</subfield>
    <subfield code="a">TBS</subfield>
    <subfield code="b">TBS</subfield>
    <subfield code="d">2025-08-26</subfield>
    <subfield code="l">0</subfield>
    <subfield code="o">P-CAT BOS</subfield>
    <subfield code="p">B05648</subfield>
    <subfield code="r">2025-08-26</subfield>
    <subfield code="t">1</subfield>
    <subfield code="w">2025-08-26</subfield>
    <subfield code="y">1</subfield>
  </datafield>
  <datafield tag="999" ind1=" " ind2=" ">
    <subfield code="c">4864</subfield>
    <subfield code="d">4864</subfield>
  </datafield>
</record>
